कविसम्राट कालिदास की अमर कृति 'मेघदूत' का हिन्दी पद्यानुवाद / (Record no. 111688)

MARC details
000 -LEADER
fixed length control field 01386nam a22002657a 4500
005 - DATE AND TIME OF LATEST TRANSACTION
control field 20170124102927.0
010 ## - LIBRARY OF CONGRESS CONTROL NUMBER
LC control number B-051878
020 ## - INTERNATIONAL STANDARD BOOK NUMBER
Terms of availability 200.00
International Standard Book Number 8187368624
035 ## - SYSTEM CONTROL NUMBER
System control number B-051878
037 ## - SOURCE OF ACQUISITION
Source of stock number/acquisition Cen Lib/Ret
040 ## - CATALOGING SOURCE
Original cataloging agency DPL
Language of cataloging HN
082 ## - DEWEY DECIMAL CLASSIFICATION NUMBER
Classification number 811
Item number कालिदा
100 ## - MAIN ENTRY--PERSONAL NAME
Personal name कालिदास
9 (RLIN) 44092
245 ## - TITLE STATEMENT
Title कविसम्राट कालिदास की अमर कृति 'मेघदूत' का हिन्दी पद्यानुवाद /
Statement of responsibility, etc कालिदास; अनुवादक कृष्ण गोपाल श्रीवास्तव
246 ## - VARYING FORM OF TITLE
Title proper/short title Kavisamraat kālidāsa kī amara kr̥ti "Meghadūta" kā Hindī padyānuvāda /
Remainder of title by Kalidas; anuvadak Krishan Gopal Shrivastva
260 ## - PUBLICATION, DISTRIBUTION, ETC. (IMPRINT)
Place of publication, distribution, etc नयी दिल्ली
Name of publisher, distributor, etc नमन प्रकाशन
Date of publication, distribution, etc 2001
270 ## - ADDRESS
Address ४३७८/4B, अंसारी रोड, दरिया गंज
City नयी दिल्ली
Postal code 10002
300 ## - PHYSICAL DESCRIPTION
Extent 160पृ.
Dimensions 19सेमी (असजिल्द)
650 ## - SUBJECT ADDED ENTRY--TOPICAL TERM
Topical term or geographic name as entry element संस्कृत साहित्य
9 (RLIN) 442
650 ## - SUBJECT ADDED ENTRY--TOPICAL TERM
Topical term or geographic name as entry element संस्कृत कविता
9 (RLIN) 44093
650 ## - SUBJECT ADDED ENTRY--TOPICAL TERM
Topical term or geographic name as entry element Sanskrit Literature
9 (RLIN) 44094
650 ## - SUBJECT ADDED ENTRY--TOPICAL TERM
Topical term or geographic name as entry element Sanskrit poetry
9 (RLIN) 23010
700 ## - ADDED ENTRY--PERSONAL NAME
Personal name श्रीवास्तव, कृष्ण गोपाल
9 (RLIN) 44095
942 ## - ADDED ENTRY ELEMENTS (KOHA)
Source of classification or shelving scheme Dewey Decimal Classification
Koha item type Hindi Books
Classification part 811
Call number suffix कालिदा
Holdings
Withdrawn status Lost status Damaged status Not for loan Home library Current library Date acquired Source of acquisition Cost, normal purchase price Total Checkouts Total Renewals Full call number Barcode Date last seen Date checked out Copy number Cost, replacement price Price effective from Koha item type
        Central Library Central Library 05/08/2015 Cen Lib/Ret 200.00 5 4 811 कालिदा B-051878 02/03/2021 02/02/2021 1 200.00 05/08/2015 Hindi Books

© Delhi Public Library
Hit Counter
free hit counter